000 00502nam a22001697a 4500
005 20251108165039.0
008 250721s1986 xx 000 0 ara d
082 1 4 _a956.4/فلس
100 1 _aصايغ، أنيس
_eإشراف
245 1 0 _aفلسطينيات /
264 1 _aبيروت :
_bمنظمة التحرير الفلسطينية،
_c1986.
300 _a248ص
490 0 _aساسلة كتب فلسطينية ؛12
650 1 7 _aتاريخ فلسطين
942 _2ddc
_cBK
999 _c20843
_d20843